Aplicaciones que permite hacer á la fisiología y á la Terapéutica el estado actual de la quimica orgánica / (Record no. 157389)

MARC details
000 -LEADER
campo de control de longitud fija 00882nam a2200217 i 4500
001 - NÚMERO DE CONTROL
campo de control 157389
003 - IDENTIFICADOR DE NÚMERO DE CONTROL
campo de control ES-MaACL
005 - FECHA Y HORA DE LA ÚLTIMA TRANSACCIÓN
campo de control 20250815113046.0
008 - DATOS DE LONGITUD FIJA--INFORMACIÓN GENERAL
campo de control de longitud fija 960320s1871 sp |||| | spa d
040 ## - FUENTE DE CATALOGACIÓN
Centro catalogador/agencia de origen CLM
Lengua de catalogación spa
Centro/agencia transcriptor CCPB | SIC
100 1# - ENTRADA PRINCIPAL--NOMBRE DE PERSONA
Nombre de persona Lebredo, Joaquin G.
9 (RLIN) 128808
245 10 - MENCIÓN DEL TÍTULO
Título Aplicaciones que permite hacer á la fisiología y á la Terapéutica el estado actual de la quimica orgánica /
Mención de responsabilidad, etc. por Joaquin G. Lebredo.
260 ## - PUBLICACIÓN, DISTRIBUCIÓN, ETC.
Lugar de publicación, distribución, etc. Madrid :
Nombre del editor, distribuidor, etc. [s.n.],
Fecha de publicación, distribución, etc. 1871 (
Fabricante Imprenta y Estereotipia de M. Rivadeneyra)
300 ## - DESCRIPCIÓN FÍSICA
Extensión 131 p. ;
Dimensiones 22 cm.
500 ## - NOTA GENERAL
Nota general En port. : "Memoria premiada en el concurso acordado por la Real Academia de Medicina de Madrid para el año de 1870"
650 #7 - PUNTO DE ACCESO ADICIONAL DE MATERIA--TÉRMINO DE MATERIA
Término de materia o nombre geográfico como elemento de entrada Química orgánica
Fuente del encabezamiento o término embne
9 (RLIN) 136799
650 #4 - PUNTO DE ACCESO ADICIONAL DE MATERIA--TÉRMINO DE MATERIA
Término de materia o nombre geográfico como elemento de entrada Fisiología humana.
9 (RLIN) 12890
650 04 - PUNTO DE ACCESO ADICIONAL DE MATERIA--TÉRMINO DE MATERIA
Término de materia o nombre geográfico como elemento de entrada Terapéutica.
9 (RLIN) 17479
852 ## - LOCALIZACIÓN
Ubicación ES-MaACL
Número de control de estantería 1640-F-12
Nota libre -- Rúst.
Holdings
Estatus retirado Estado de pérdida Estado de daño No para préstamo Colección Biblioteca de origen Biblioteca actual Ubicación en estantería Fecha de adquisición Total de préstamos Signatura topográfica completa Código de barras Visto por última vez Precio de reemplazo Tipo de ítem Koha
        Colección de folletos Biblioteca del Ateneo de Madrid Biblioteca del Ateneo de Madrid Depósito folletos 17/01/2008   1640-F-12 1164706 23/02/2023 23/02/2023 Folleto